Warhammer Vermintide II - mapy - Statystyki

Ogólne statystyki
  • Ten quiz został rozwiązany 3 razy
  • Średni wynik to 10 z 60
Statystyki odpowiedzi
Kampania Odpowiedź % Poprawnych
Helmgart Prawy Posterunek
100%
Helmgart Athel Yenlui
50%
Helmgart Fort Brachsenbrücke
50%
Helmgart Głód w Mroku
50%
Helmgart Halescourge
50%
Helmgart Imperium w Płomieniach
50%
Helmgart Konwokacja Rozkładu
50%
Powrót do Ubersreiku Machiny wojny
50%
Wiatry Magii Mroczne Znaki
50%
Helmgart Obóz Wojenny
50%
Powrót do Ubersreiku Ogród Morra
50%
Helmgart Pod Prąd
50%
Lobby Rogata Twierdza Taala
50%
Powrót do Ubersreiku Róg Magnusa
50%
Helmgart Skittergate
50%
Klątwa Drachenfels Stare strachy
50%
Helmgart Wprost do Gniazda
50%
Helmgart Wyjący Dzwon
50%
Ekspedycja Determinacji Arena Determinacji
0%
Ekspedycja Hartu Ducha Arena Hartu Ducha
0%
Ekspedycja Odwagi Arena Odwagi
0%
Sploty Bastion
0%
Karak Azgaraz Chowana uraza
0%
Pustkowia Chaosu Cuchnący Wąwóz
0%
Ekspedycja do Cytadeli Wieczności Cytadela Wieczności
0%
Pustkowia Chaosu Forteca hrabiego Mordreka
0%
Powrót do Ubersreiku Fortuny Wojny
0%
Cienie nad Bögenhafen Jama
0%
Sploty Jama
0%
Pustkowia Chaosu Jama Refleksji
0%
Sploty Kanion
0%
Pustkowia Chaosu (Kapliczki) Kapliczka Fortuny
0%
Pustkowia Chaosu (Kapliczki) Kapliczka Harmonii
0%
Pustkowia Chaosu (Kapliczki) Kapliczka Konfliktu
0%
Karak Azgaraz Khazukan Kazakit-ha!
0%
Sploty Knieja
0%
Lobby Komnata pielgrzymki
0%
Pustkowia Chaosu Kopalnia Bel'sha'ziira
0%
Cienie nad Bögenhafen Kosiarz Zarazy
0%
Klątwa Drachenfels Krew w mroku
0%
Klątwa Drachenfels Leże zaklinacza
0%
Sploty Lochy
0%
Lobby Mapa Holsehera
0%
Karak Azgaraz Misja miłosierdzia
0%
Sploty Nory
0%
Sploty Pastorałka
0%
Pustkowia Chaosu Przystań Rzezi
0%
Helmgart Ropiejąca Ziemia
0%
Sploty Ruiny
0%
Pustkowia Chaosu Świątynia Cienia
0%
Pustkowia Chaosu Szczyt Koszmarów
0%
Sploty Torfowisko
0%
Pustkowia Chaosu Twierdza Grimblooda
0%
Pustkowia Chaosu Upadłe miasto Marakza
0%
Pustkowia Chaosu Wierzchołek Popiołów
0%
Pustkowia Chaosu Wieża Holsehera
0%
Zdradliwa Przygoda Wieża Zdrady
0%
Sploty Wody
0%
Pustkowia Chaosu Zakazany szlak
0%
Zdradliwa Przygoda Zdradliwy Szlak
0%
Nie znaleziono quizów pasujących do podanych kryteriów
Rozkład punktacji
Procent ludzi z każdym wynikiem
Percentyl według liczby udzielonych odpowiedzi
Twoja historia wyników
Nie rozwiązałeś tego quizu